000 nam a22 7a 4500
999 _c127276
_d127276
008 171130b xxu||||| |||| 00| 0 eng d
050 _aBS2615.52.C36 2007
100 _aCarter, Warren
_937796
245 _aJohn and empire
_bInitial explorations
_c/ Warren Carter
260 _aNew York
_bT.& T. Clark
_c2007
300 _axii, 423p. ;
_c23cm.
650 _aBible.N.T. John
_xCriticism, interpretation
_937797
942 _2lcc
_cMONOGRAPH